Sociální politika měsíčník Ministerstva práce a sociálních věcí České republiky

Gespeichert in:
Bibliographische Detailangaben
Format: Schriftenreihe
Sprache:Tschechisch
Veröffentlicht: Praha SOCIOPRESS 2000
Schlagworte:
Tags: Tag hinzufügen
Keine Tags, Fügen Sie das erste Tag hinzu!

MARC

LEADER 00000nas2a2200000 4500
001 s124850
005 20231103122539.0
022 |a 0049-0962 
041 0 |a cze 
044 |a CZ 
245 1 0 |a Sociální politika  |b měsíčník Ministerstva práce a sociálních věcí České republiky 
264 1 |a Praha  |b SOCIOPRESS  |c 2000 
300 |a 1 zv.  |e 1 zvl. č. 
773 0 |w eu_un_cat*s120022 
610 2 0 |a politika sociálna 
610 2 0 |a právo pracovné